| 000 | 01110nam a2200301 a 4500 | ||
|---|---|---|---|
| 001 | ebr10005646 | ||
| 003 | CaPaEBR | ||
| 006 | m u | ||
| 007 | cr cn||||||||| | ||
| 008 | 950505s1995 ctu sb 001 0 eng | ||
| 010 | _z 95009308 | ||
| 020 | _z0275953351 (alk. paper) | ||
| 040 |
_aCaPaEBR _cCaPaEBR |
||
| 035 | _a(OCoLC)191936608 | ||
| 050 | 1 | 4 |
_aJC596 _b.M34 1995eb |
| 082 | 0 | 4 |
_a323.44/8 _220 |
| 100 | 1 | _aMcLean, Deckle. | |
| 245 | 1 | 0 |
_aPrivacy and its invasion _h[electronic resource] / _cDeckle McLean. |
| 260 |
_aWestport, Conn. : _bPraeger, _c1995. |
||
| 300 | _ax, 140 p. | ||
| 504 | _aIncludes bibliographical references (p. [131]-134) and index. | ||
| 533 |
_aElectronic reproduction. _bPalo Alto, Calif. : _cebrary, _d2013. _nAvailable via World Wide Web. _nAccess may be limited to ebrary affiliated libraries. |
||
| 650 | 0 | _aPrivacy, Right of. | |
| 650 | 0 | _aPrivacy. | |
| 655 | 7 |
_aElectronic books. _2local |
|
| 710 | 2 | _aebrary, Inc. | |
| 856 | 4 | 0 |
_uhttp://site.ebrary.com/lib/rucke/Doc?id=10005646 _zAn electronic book accessible through the World Wide Web; click to view |
| 999 |
_c18282 _d18282 |
||